00455nam a22001337a 4500100001300000245013400013260002600147300000900173650001400182650002400196942000800220999001500228952007800243 aMendis,S aComparison of vitamin C (ascorbic acid) contents and antioxidant activities of fresh and dried Phyllanthus emblica (Nelli) fruits aColombobICHEMCc2012 a35 P avitamin c aphyllanthus emblica cREF c3109d3109 0010708REFaICbICcREFd2016-01-21l0pD0237r2016-01-21 00:00:00yDIS